| 000 | 00000nam##2200000za#4500 |
| 001 | 9.640830 |
| 003 | CaOODSP |
| 005 | 20250506145323 |
| 007 | cr ||||||||||| |
| 008 | 150407|1974||||xxc|||||o f|0| 0 fre|d |
| 040 | |aCaOODSP|bfre |
| 043 | |an-cn--- |
| 086 | 1 |aA73-1508/1974F-PDF |
| 110 | 1 |aCanada.|bAgriculture Canada. |
| 245 | 10|aEntreposage en vrac de la pomme de terre / |h[ressource électronique]|c[par] J. A. Roberts ... [et al.] ; a été établie par un sous-comité du Comité du génie rural de la région atlantique. |
| 260 | |aOttawa - Ontario : |bAgriculture Canada |c1974. |
| 300 | |a56p.|bfigures, graphique, références, tableaux, photographies |
| 500 | |aPublication 1508. |
| 590 | |a12-39-Supp|b2012-10-11 |
| 691 | 07|aEntreposage|2gcpds |
| 691 | 07|aPomme de terre|2gcpds |
| 720 | 1 |aRoberts, J. A. |
| 856 | 40|ahttp://publications.gc.ca|qPDF|s3.23 Mo|uhttps://publications.gc.ca/collections/collection_2012/agr/A73-1508-1974-fra.pdf |